Southville International School and Colleges
Your cart is empty.
  • Cart
  • Lists
    Public lists Eva Luna New books Lux_list list_1
    Your lists Log in to create your own lists
  • Log in to your account
  • Your cookies
  • Search history
Southville International School and Colleges
  • Advanced search
  • Recent comments
  • Most popular
  • Libraries

Log in to your account

Log in with GOOGLE


If you do not have an external account, but do have a local account, you can still log in:

  1. Home
  2. MARC view: Children's book award handbook /
Normal view MARC view ISBD view

Children's book award handbook / (Record no. 115683)

[ view plain ]
MARC details
000 -LEADER
fixed length control field 00715nam a2200217Ia 4500
008 - FIXED-LENGTH DATA ELEMENTS--GENERAL INFORMATION
fixed length control field 140429s9999 xx 000 0 und d
020 ## - INTERNATIONAL STANDARD BOOK NUMBER
International Standard Book Number 1591583047
050 ## - LIBRARY OF CONGRESS CALL NUMBER
Classification number Z 1037.A2
Item number .M37 2006
100 ## - MAIN ENTRY--PERSONAL NAME
Personal name Marks, Diana F.
245 ## - TITLE STATEMENT
Title Children's book award handbook /
Statement of responsibility, etc Diana F. Marks ; illustrations by Susanne frey.
250 ## - EDITION STATEMENT
Edition statement 1st ed.
260 ## - PUBLICATION, DISTRIBUTION, ETC. (IMPRINT)
Place of publication, distribution, etc London :
Name of publisher, distributor, etc Libraries Unlimited,
Date of publication, distribution, etc c2006.
300 ## - PHYSICAL DESCRIPTION
Extent 412 p. :
Other physical details ill. ;
Dimensions 28 cm.
500 ## - GENERAL NOTE
General note Includes bibliographical references and index.
521 ## - TARGET AUDIENCE NOTE
Target audience note
650 ## - SUBJECT ADDED ENTRY--TOPICAL TERM
Topical term or geographic name as entry element Children's literature
General subdivision Awards.
650 ## - SUBJECT ADDED ENTRY--TOPICAL TERM
Topical term or geographic name as entry element Children's literature, American
General subdivision Awards.
650 ## - SUBJECT ADDED ENTRY--TOPICAL TERM
Topical term or geographic name as entry element Young adult literature, American
General subdivision Awards.
942 ## - ADDED ENTRY ELEMENTS (KOHA)
Call number prefix Foreign
Koha item type Books
Holdings
Withdrawn status Lost status Source of classification or shelving scheme Damaged status Home library Current library Shelving location Date acquired Source of acquisition Total Checkouts Full call number Barcode Date last seen Price effective from Koha item type
    Library of Congress Classification   College Library College Library General Circulation Section 04/29/2014 Library Fund   Z 1037.A2 .M37 2006 C17018 05/15/2018 04/29/2014 Books

Children's book award handbook /

APA

Marks D. F., . (2006). Children's book award handbook. London: Libraries Unlimited.

Chicago

Marks Diana F, . 2006. Children's book award handbook. London: Libraries Unlimited.

Harvard

Marks D. F., . (2006). Children's book award handbook. London: Libraries Unlimited.

MLA

Marks Diana F, . Children's book award handbook. London: Libraries Unlimited. 2006.

  • Place hold
  • Print
  • Cite
  • Add to your cart (remove)
  • Save record
    BIBTEX Dublin Core MARCXML MARC (non-Unicode/MARC-8) MARC (Unicode/UTF-8) MARC (Unicode/UTF-8, Standard) MODS (XML) RIS
  • More searches
    Search for this title in:
    Other Libraries (WorldCat) Other Databases (Google Scholar) Online Stores (Bookfinder.com) Open Library (openlibrary.org)

Exporting to Dublin Core...

SOUTHVILLE LIBRARY

Southville International School and Colleges Library

1281 Tropical Ave. Cor. Luxembourg St., BF Homes International, Las Pinas City

Tel. No. 8256374 / 252358 Loc. 117/146

Powered by Koha